| 000 | 00473nam a22001817a 4500 | ||
|---|---|---|---|
| 003 | CEME | ||
| 005 | 20210628201801.0 | ||
| 008 | 210216b xxu||||| |||| 00| 0 eng d | ||
| 020 | _a81-7029-256-5 | ||
| 040 | _c. | ||
| 082 | _a005.133-C KAN | ||
| 100 |
_aKanetkar, Yashavant _956809 |
||
| 245 | _aC projects | ||
| 260 |
_aNEW DELHI _bBPB PUBLISHER _c2000 |
||
| 300 | _aXI,596P | ||
| 650 |
_aC LANGUAGE-PROJECTS C-PROJECTS PROJECTS-C LANGUAGE _956832 |
||
| 942 |
_cBK _2ddc |
||
| 999 |
_c567170 _d567170 |
||